Primeira aventura no país do João (Registo nº 1812)

Detalhes MARC
000 -Etiqueta do registo
Cabeçalho 00791nam a22002531 4500
005 - Identificador da versão
Campo de controlo 20240813121917.0
095 ## -
-- PTBN00075641
021 ## - Número do Depósito Legal
Código do país PT
100 ## - Dados gerais de processamento
Dados gerais de processamento 20070511d1977 cd a0pory5003 ba
102 ## - Pais de publicação ou produção
País de publicação Portugal
101 0# - Língua de publicação
Língua do texto, banda sonora, etc. Português
105 ## - Campo de dados codificados: livros
Dados codificados dos livros a t 000zy
215 ## - Descrição física 
Indicação específica da natureza do documento e extensão da espécie 60, [1] p.
Outras indicações físicas todo il.
Dimensões 30 cm
200 1# - Titulo e menção de responsabilidade
Título próprio Primeira aventura no país do João
Primeira menção de responsabilidade texto de Maria A. Menéres
210 ## - Publicação, Distribuição, etc. 
Lugar da edição, distribuição, etc. [Lisboa]
Nome do editor, distribuidor, etc. Comissão Organizadora do Dia de Camões e das Comunidades Portuguesas
Data da publicação, distribuição, etc. imp. 1977
606 ## - Nome comum usado como assunto
Número de registo de entrada de autoridade 0000223
Palavra de ordem Literatura portuguesa infanto-juvenil
Subdivisão de assunto Banda desenhada
675 ## - Classificação Decimal Universal (CDU)
Notação 821.134.3-9
Edição
Língua da edição por
700 #1 - Nome de autor-pessoa física (responsabilidade principal)
Número de registo de entrada de autoridade 0000031
Palavra de ordem Menéres
Outra parte do nome não tomada para palavra de ordem Maria Alberta
Datas 1930-
942 ## - Elementos de entrada adicionados (Koha)
Tipo de item no Koha Livro
Exemplares
Situação do levantamento Origin of item (home branch) (coded) Biblioteca de empréstimo Código de barras Cota Circulation type (not for loan) Tipo de documento Nota do exemplar Damaged status
  Biblioteca Escolar da Coca Maravilhas Biblioteca Escolar da Coca Maravilhas BECM100/90 8BD MEN   Livro Sem mensagem